000 00994nam a22002657a 4500
008 081203t xxu||||| |||| 00| 0 eng d
010 _aENG-91967
020 _a9788189901660
_c350.00
035 _aEN-75500
037 _bDBAD / PUB
040 _adpl
_bEnglish
082 _a962
100 _aGhassan Shaikho
245 _aContemporary Egypt:
_cby Ghassan Shaikho
_bpolitics, economics and the military /
260 _aDelhi
_bAcademic Excellence
_c2008
270 _a42 Ekta Apartment, Geeta Colony,
_bDelhi
_e110031
300 _avi, 115p.:
_c22cm (Hb)
500 _aIncludues bibliographical references and index
651 _aEgypt
_xHistory.
651 _aEgypt
_xEconomic conditions
_y1952-
651 _aEgypt
_xEconomic policy
651 _aEgypt
_xPolitics and government
_y1952-
942 _2ddc
_cEN
_mGHA
_h962
999 _c19409
_d19409